| 000 | 00717cam a22002533a 4500 | ||
|---|---|---|---|
| 001 | 20086 | ||
| 003 | PGUSA | ||
| 005 | 20140828083426.0 | ||
| 008 | 061210s2006||||xxu|||||s|||||000 | eng d | ||
| 040 |
_aPGUSA _beng |
||
| 042 | _adc | ||
| 050 | 4 | _aDG | |
| 100 | 1 |
_aRichards, Fred, _d1878-1932 |
|
| 245 | 1 | 0 |
_aRome : _bA Sketch-Book _h[electronic resource] / _cFred Richards |
| 260 |
_bProject Gutenberg, _c2006 |
||
| 506 | _aPublic domain in the USA. | ||
| 516 | _aElectronic text | ||
| 653 | _aArchitecture -- Rome | ||
| 653 | _aArchitecture, Roman -- Italy | ||
| 653 | _aArchitecture -- Sketch-books | ||
| 830 | 0 |
_aProject Gutenberg _v20086 |
|
| 856 | 4 | 0 | _uhttp://www.gutenberg.org/ebooks/20086 |
| 942 | _cEB | ||
| 999 |
_c249341 _d249341 |
||